[Event "45th Rilton Cup 2015-16"]
[Site "Stockholm SWE"]
[Date "2016.01.02"]
[Round "6.23"]
[White "Socko, Monika"]
[Black "Sarwer, Jeff"]
[Result "1-0"]
[WhiteTitle "GM"]
[BlackTitle "FM"]
[WhiteElo "2437"]
[BlackElo "2263"]
[WhiteFideId "1106619"]
[BlackFideId "2604213"]
[EventDate "2015.12.27"]

1. e4 Nc6 2. Nf3 d6 3. d4 Nf6 4. Nc3 Bg4 5. Be3 e5 6. d5 Ne7 7. h3 Bd7 8. Qd2
Ng6 9. Be2 Be7 10. O-O-O O-O 11. g4 b5 12. Bd3 b4 13. Ne2 c5 14. Ng3 Qa5 15. Kb1
Rfc8 16. g5 Ne8 17. Bc4 Nc7 18. Nf5 Bf8 19. h4 Bb5 20. Qe2 Rab8 21. h5 Nf4 22.
Bxf4 exf4 23. g6 Bxc4 24. Qxc4 Nb5 25. gxf7+ Kxf7 26. Nd2 Rb6 27. e5 Rcb8 28.
Nb3 Qa6 29. Qxf4 Kg8 30. Nh6+ Kh8 31. Qf7 Be7 32. Qg8+ 1-0

[Event "45th Rilton Cup 2015-16"]
[Site "Stockholm SWE"]
[Date "2016.01.02"]
[Round "6.24"]
[White "Akesson, Ralf"]
[Black "Eriksson, Jorgen"]
[Result "1/2-1/2"]
[WhiteTitle "GM"]
[WhiteElo "2421"]
[BlackElo "2206"]
[WhiteFideId "1700120"]
[BlackFideId "1701967"]
[EventDate "2015.12.27"]

1. d4 Nf6 2. Nf3 e6 3. c4 d5 4. Nc3 Bb4 5. cxd5 exd5 6. Bg5 Nbd7 7. Rc1 c6 8. a3
Bd6 9. e3 Nf8 10. Bh4 Ng6 11. Bg3 Bf5 12. b4 a5 13. Qb3 axb4 14. axb4 O-O 15.
Be2 Qe7 16. Bxd6 Qxd6 17. O-O b5 18. Ra1 Ne4 19. Nxe4 dxe4 20. Nd2 Ne7 21. Ra3
Nd5 22. Rb1 Rfe8 23. Qa2 Rxa3 24. Qxa3 Qf8 25. Bd1 Ra8 26. Qb2 Qe7 27. Nf1 Be6
28. Qc2 Qd7 29. Qc5 Nf6 30. Ng3 Bd5 31. Ne2 Qa7 32. Qxa7 Rxa7 33. Nc3 Kf8 34.
Kf1 Ke7 35. Ke1 Kd6 36. Bc2 Ra8 37. h3 h6 38. Kd2 Ra7 39. Kc1 Ra8 40. Kb2 Ra7
41. f3 Re7 42. f4 Nd7 43. Kc1 Nb6 44. Kd2 Nc4+ 45. Ke2 Na3 46. Rc1 Nxc2 47. Rxc2
Ra7 48. Kd2 Ra1 49. Rc1 Rxc1 50. Kxc1 f5 51. Kd2 Ke6 52. Ke1 Kf6 53. Kf2 g6 54.
g4 Kf7 55. Kg3 Bc4 56. Kh4 Kg7 57. Nb1 Bd3 58. Nd2 Bc4 59. Kg3 Bd5 60. Nb1 1/2-1/2

[Event "45th Rilton Cup 2015-16"]
[Site "Stockholm SWE"]
[Date "2016.01.02"]
[Round "6.25"]
[White "Wallace, John Paul"]
[Black "Hakimifard, Ghazal"]
[Result "1/2-1/2"]
[WhiteTitle "IM"]
[BlackTitle "WIM"]
[WhiteElo "2383"]
[BlackElo "2169"]
[WhiteFideId "3200957"]
[BlackFideId "12506540"]
[EventDate "2015.12.27"]

1. d4 Nf6 2. Nf3 e6 3. Bf4 b6 4. e3 Bb7 5. Bd3 Be7 6. h3 c5 7. Nbd2 O-O 8. c3 d6
9. Qe2 cxd4 10. exd4 Nbd7 11. O-O Re8 12. Bh2 Bf8 13. Rfd1 Qc7 14. a4 Bc6 15.
Bb5 e5 16. Qc4 Rac8 17. Nf1 e4 18. N3d2 Nb8 19. Ne3 Qb7 20. Qb3 d5 21. c4 dxc4
22. Ndxc4 Red8 23. Ne5 Be8 24. Bg3 Nc6 25. Nf5 Nd5 26. Bh4 f6 27. Nxc6 Bxc6 28.
Re1 g6 29. Ne3 Kg7 30. Ng4 h5 31. Ne3 Nxe3 32. Qxe3 Bd5 33. Rec1 Rxc1+ 34. Rxc1
Rc8 35. Bg3 Kh7 36. Rxc8 Qxc8 37. Qf4 Bg7 38. Qd6 Qb7 39. Bf1 Bb3 40. Qb4 Qd5
41. Bb8 a5 42. Qxb6 Bxa4 43. Bd6 f5 44. Bc5 Bb3 45. Bb5 e3 46. fxe3 Qe4 47. Kf2
f4 48. exf4 Qxf4+ 49. Kg1 Qe3+ 50. Kh2 Qf4+ 51. Kg1 Qe3+ 52. Kh2 Qf4+ 1/2-1/2

[Event "45th Rilton Cup 2015-16"]
[Site "Stockholm SWE"]
[Date "2016.01.02"]
[Round "6.26"]
[White "Bellon Lopez, Juan Manuel"]
[Black "Wiander, Michael"]
[Result "1-0"]
[WhiteTitle "GM"]
[BlackTitle "CM"]
[WhiteElo "2376"]
[BlackElo "2187"]
[WhiteFideId "2200031"]
[BlackFideId "1702580"]
[EventDate "2015.12.27"]

1. d4 e6 2. Nf3 f5 3. d5 Bb4+ 4. Bd2 Qe7 5. a3 Bxd2+ 6. Qxd2 exd5 7. Qxd5 d6 8.
Nc3 Nf6 9. Qb3 Nbd7 10. Qb5 O-O 11. Qc4+ Kh8 12. Qxc7 Ne8 13. Qc4 Ne5 14. Nxe5
dxe5 15. Qb4 Qf7 16. e3 Be6 17. Be2 Nf6 18. Qd6 Bc4 19. Qxe5 Bxe2 20. Nxe2 Qc4
21. Qc3 Qg4 22. Ng3 f4 23. h3 Qe6 24. Ne2 Nd5 25. Qd4 fxe3 26. O-O Rac8 27. c3
Rce8 28. fxe3 Rxf1+ 29. Rxf1 Nxe3 30. Nf4 Qc6 31. Re1 Nf5 32. Rxe8+ Qxe8 33. Qf2
Ne3 34. Qe2 Qe4 35. Nd3 h6 36. Kf2 Qxg2+ 37. Kxe3 Qxh3+ 38. Qf3 Qe6+ 39. Qe4
Qh3+ 40. Kd2 1-0

[Event "45th Rilton Cup 2015-16"]
[Site "Stockholm SWE"]
[Date "2016.01.02"]
[Round "6.27"]
[White "Rodshtein, Tereza"]
[Black "Martins, David Pires Tavares"]
[Result "0-1"]
[WhiteTitle "WGM"]
[BlackTitle "FM"]
[WhiteElo "2278"]
[BlackElo "2372"]
[WhiteFideId "325449"]
[BlackFideId "1909991"]
[EventDate "2015.12.27"]

1. e4 d6 2. d4 Nf6 3. Nc3 g6 4. Be3 c6 5. h3 Nbd7 6. f4 b5 7. a3 Nb6 8. Nf3 d5
9. e5 Nh5 10. Ne2 Ng7 11. Ng3 a5 12. Bd3 h5 13. O-O Nc4 14. Bc1 h4 15. Nh1 Nf5
16. Qe1 a4 17. c3 c5 18. dxc5 e6 19. Bxf5 Bxc5+ 20. Nf2 gxf5 21. Kh1 Qb6 22. Nd3
Be7 23. Nd4 Rg8 24. Qe2 Bd7 25. Be3 Nxe3 26. Qxe3 Qb7 27. Rab1 Rc8 28. Rbd1 Rc4
29. Nb4 Bc5 30. Nbc2 Bb6 31. Rf3 Qc7 32. Qe2 Kd8 33. Qf2 Rh8 34. Rfd3 Kc8 35.
Ne1 Kb7 36. Nef3 Qd8 37. Qe1 Qf8 38. Qe3 Qh6 39. Kg1 Rg8 40. Kf1 Rg3 41. R3d2
Rc8 42. Rf2 Rc4 43. Rdd2 Bc7 44. Rde2 Bd8 45. Ke1 Rc8 46. Kd1 Qf8 47. Rc2 Qc5
48. Kc1 Be7 49. Qe1 Qc4 50. Kb1 Qd3 51. Qd2 Qxd2 52. Rcxd2 Rcg8 53. Rde2 Kb6 54.
Kc2 Bc8 55. Rd2 Ba6 56. Ne1 Rc8 57. Nd3 Re3 58. Rf3 Rxf3 59. Nxf3 d4 60. Nxd4
Bb7 61. Ne1 b4 62. axb4 Bxb4 63. Kd1 Be7 64. Ndc2 Bd5 65. Rd4 Bc5 66. Rd2 Rg8
67. Nd4 Bxd4 68. cxd4 Ka5 69. Kc1 Be4 70. Nf3 Bxf3 71. gxf3 Rd8 72. Kc2 Kb4 73.
Rd3 Rg8 74. d5 Rg2+ 75. Kc1 Kc4 76. Ra3 exd5 77. Rxa4+ Kd3 78. b4 Kc3 79. Ra3+
Kxb4 80. Ra7 Kc3 81. Rc7+ Kd3 82. Rxf7 d4 83. Rc7 Ke3 84. e6 Kxf4 85. e7 Re2 86.
Kd1 Kxf3 87. Rd7 Re4 88. Kd2 Kg3 89. Kd3 Kxh3 90. Rxd4 Rxe7 91. Rf4 Re5 0-1

[Event "45th Rilton Cup 2015-16"]
[Site "Stockholm SWE"]
[Date "2016.01.02"]
[Round "6.29"]
[White "Krupenski, Juri"]
[Black "Hammar, Bengt"]
[Result "1-0"]
[WhiteTitle "FM"]
[BlackTitle "FM"]
[WhiteElo "2406"]
[BlackElo "2210"]
[WhiteFideId "4501101"]
[BlackFideId "1700391"]
[EventDate "2015.12.27"]

1. d4 Nf6 2. c4 g6 3. Nc3 d5 4. cxd5 Nxd5 5. e4 Nxc3 6. bxc3 Bg7 7. Qa4+ c6 8.
Nf3 O-O 9. Bg5 h6 10. Be3 Nd7 11. e5 Nb6 12. Qa3 Be6 13. Qc1 Kh7 14. Bd3 c5 15.
h4 cxd4 16. cxd4 Rc8 17. Qb1 Bc4 18. h5 Bxd3 19. Qxd3 Rc6 20. hxg6+ Kg8 21. Bxh6
Rxg6 22. Bxg7 Kxg7 23. Nh4 Rh8 24. Nf5+ Kg8 25. Rxh8+ Kxh8 26. Rc1 Kg8 27. Qe4
Qd7 28. Rc3 e6 29. Nd6 Qa4 30. Qxb7 1-0

[Event "45th Rilton Cup 2015-16"]
[Site "Stockholm SWE"]
[Date "2016.01.02"]
[Round "6.30"]
[White "Engqvist, Thomas"]
[Black "Schitco, Ivan"]
[Result "1-0"]
[WhiteTitle "IM"]
[WhiteElo "2358"]
[BlackElo "2210"]
[WhiteFideId "1700332"]
[BlackFideId "13905465"]
[EventDate "2015.12.27"]

1. e4 e6 2. d3 d5 3. Qe2 Be7 4. g3 Nf6 5. Nf3 O-O 6. Bg2 c5 7. O-O Nc6 8. e5 Nd7
9. c4 a6 10. h4 Re8 11. Bf4 h6 12. h5 b5 13. Nc3 bxc4 14. dxc4 d4 15. Ne4 Bb7
16. Rfe1 Nb4 17. Nh2 Qb6 18. Qd2 Bf8 19. Ng4 Kh7 20. a3 Nc6 21. Bf1 Ncxe5 22.
Nxe5 Nxe5 23. Bxe5 f5 24. Bg2 fxe4 25. Bxe4+ Bxe4 26. Rxe4 Bd6 27. b4 Bxe5 28.
Rxe5 cxb4 29. axb4 Rab8 30. b5 axb5 31. cxb5 Qd6 32. Qd3+ Kh8 33. Rae1 Rb6 34.
Kh2 Rf8 35. f4 Ra8 36. Qg6 Ra2+ 37. Kh3 Qd7 38. f5 Rxb5 39. Rxe6 1-0

[Event "45th Rilton Cup 2015-16"]
[Site "Stockholm SWE"]
[Date "2016.01.02"]
[Round "6.31"]
[White "Kolbus, Dietmar"]
[Black "Glimbrant, Torbjorn"]
[Result "1-0"]
[WhiteTitle "IM"]
[WhiteElo "2315"]
[BlackElo "2192"]
[WhiteFideId "4610628"]
[BlackFideId "1700995"]
[EventDate "2015.12.27"]

1. c4 e6 2. Nf3 Nf6 3. g3 d5 4. b3 c5 5. Bg2 Nc6 6. O-O Be7 7. cxd5 exd5 8. d4
O-O 9. Bb2 Ne4 10. dxc5 Bxc5 11. Nc3 Nxc3 12. Bxc3 d4 13. Bb2 Re8 14. Rc1 Bb6
15. a3 Bf5 16. b4 a6 17. Nh4 Be4 18. Bxe4 Rxe4 19. Qd3 Qd5 20. Nf3 Rae8 21. e3
Qd8 22. exd4 Bxd4 23. Nxd4 Nxd4 24. Bxd4 Rxd4 25. Qf3 Qd5 26. Qxd5 Rxd5 27. Rfd1
Rb5 28. Rd7 a5 29. Rcc7 axb4 30. axb4 Rxb4 31. Rxf7 Rg4 32. Rxb7 h6 33. Kg2 Rg6
34. h4 Rf8 35. Rfe7 Kh8 36. h5 Rgf6 37. f4 Rg8 38. Kf3 Ra6 39. Rf7 Rc6 40. Rbe7
Ra6 41. Kg4 Ra4 42. Re6 Rb8 43. Kf5 Ra3 44. Rg6 Rg8 45. Kg4 Ra4 46. Kh4 Raa8 47.
Kh3 Ra5 48. f5 Rb8 49. Re6 Rc5 50. Ree7 Rg8 51. Kh4 Rc4+ 52. Kh3 Rc5 53. Kg2 Ra5
54. Kf3 Ra3+ 55. Kg4 Ra4+ 56. Kh3 Ra5 57. Rc7 Rb5 58. Rc6 Ra5 59. Rg6 Rb5 60.
Kh4 Rb4+ 61. g4 Rf4 62. f6 Rxf6 63. Rfxf6 gxf6 64. Rxh6+ Kg7 65. Rg6+ Kf7 66.
Rxg8 Kxg8 67. Kg3 Kg7 68. Kf4 Kf8 69. Kf5 1-0

[Event "45th Rilton Cup 2015-16"]
[Site "Stockholm SWE"]
[Date "2016.01.02"]
[Round "6.32"]
[White "Jogstad, Martin"]
[Black "Henriksson, Johan"]
[Result "1-0"]
[BlackTitle "FM"]
[WhiteElo "2125"]
[BlackElo "2286"]
[WhiteFideId "1715364"]
[BlackFideId "1703560"]
[EventDate "2015.12.27"]

1. c4 e5 2. g3 Nf6 3. Bg2 d5 4. cxd5 Nxd5 5. Nf3 Nc6 6. O-O Be7 7. d3 O-O 8. a3
Be6 9. b4 Bf6 10. e4 Nb6 11. Bb2 Bg4 12. Qc2 Bxf3 13. Bxf3 Nd4 14. Bxd4 Qxd4 15.
Nc3 c6 16. Bg4 Rfd8 17. Rfd1 a6 18. Kg2 g6 19. h4 h5 20. Bh3 Kg7 21. Rab1 Be7
22. Ne2 Qd6 23. d4 Bf6 24. dxe5 Qxe5 25. f4 Qb5 26. e5 Be7 27. Nd4 Qc4 28. Qf2
c5 29. Rbc1 Qd5+ 30. Nf3 Qb3 31. Rxd8 Rxd8 32. f5 gxf5 33. Bxf5 Qxa3 34. Re1
Qxb4 35. Rb1 Qa5 36. Be4 Rd7 37. e6 Rd6 38. exf7 Rf6 39. Qb2 Nc4 40. Qxb7 Rxf7
41. Qb3 Nd6 42. Qe6 Nxe4 43. Qxe4 Qc3 44. Rb7 Qf6 45. Qe5 Kg6 46. Qe4+ Kg7 47.
Qe5 Kg6 48. Qd5 Kh6 49. Qg5+ Qxg5 50. hxg5+ Kh7 51. g6+ Kxg6 52. Ne5+ Kf6 53.
Nxf7 Kxf7 54. Ra7 Ke6 55. Kf3 h4 56. g4 Bd6 57. Rxa6 h3 58. g5 h2 59. Kg2 Kd5
60. g6 Be5 61. Ra7 Kd4 62. Rd7+ Kc4 63. Kh1 Kb4 64. Rb7+ Kc3 65. Rb5 Kc4 66. Rb1
Kd3 67. Rd1+ Kc4 68. Re1 Bf6 69. Kxh2 Kd3 70. Re6 Bg7 71. Kg2 c4 72. Kf3 c3 73.
Rd6+ Kc2 74. Ke2 Kb1 75. Rb6+ Kc1 76. Kd3 1-0

[Event "45th Rilton Cup 2015-16"]
[Site "Stockholm SWE"]
[Date "2016.01.02"]
[Round "6.33"]
[White "Kosmo, Santul"]
[Black "Rydstrom, Tom"]
[Result "1/2-1/2"]
[BlackTitle "FM"]
[WhiteElo "2202"]
[BlackElo "2266"]
[WhiteFideId "504173"]
[BlackFideId "1714830"]
[EventDate "2015.12.27"]

1. e4 e5 2. f4 exf4 3. Nf3 g5 4. h4 g4 5. Ne5 h5 6. Bc4 Nh6 7. d4 d6 8. Nd3 f3
9. gxf3 Be7 10. Be3 Bxh4+ 11. Kd2 gxf3 12. Qxf3 Bg4 13. Qf4 Nd7 14. Nc3 Nb6 15.
Bb3 Qe7 16. Rh2 O-O-O 17. a4 a5 18. Rah1 Bf6 19. Rxh5 Bxh5 20. Rxh5 Bg7 21. Rxa5
Qf6 22. Rg5 Qxf4 23. Nxf4 Bf6 24. Rh5 Ng4 25. Rf5 Rdg8 26. Nce2 Bg5 27. Bxf7 Rg7
28. a5 Rxf7 29. axb6 Rxf5 30. exf5 Re8 31. Bg1 cxb6 32. Kd3 Rf8 33. Ke4 Nh6 34.
Ng3 Bh4 35. Ne6 Rg8 36. Ne2 Kd7 37. d5 Rg4+ 38. N6f4 Bf6 39. Bxb6 Bxb2 40. Be3
Bf6 41. Nd4 Rh4 42. Ne6 Rh2 43. c4 Rc2 44. c5 Rc4+ 45. Kd3 Rc3+ 46. Ke4 Rc4+ 47.
Kd3 Ra4 48. Nh5 Ng4 49. Nxf6+ Nxf6 50. Bf4 Nxd5 51. Bxd6 b5 52. Nd4 Ra3+ 53. Ke4
Nf6+ 54. Ke5 Ng4+ 55. Kd5 Nf6+ 56. Ke5 Ng4+ 57. Kd5 Nf6+ 58. Ke5 1/2-1/2

[Event "45th Rilton Cup 2015-16"]
[Site "Stockholm SWE"]
[Date "2016.01.02"]
[Round "6.34"]
[White "Low, Zhen Yu Cyrus"]
[Black "Kharmunova, Nadezhda"]
[Result "1-0"]
[WhiteTitle "FM"]
[BlackTitle "WIM"]
[WhiteElo "2256"]
[BlackElo "2132"]
[WhiteFideId "5804175"]
[BlackFideId "4195876"]
[EventDate "2015.12.27"]

1. e4 c6 2. Nc3 d5 3. Nf3 dxe4 4. Nxe4 Nf6 5. Nxf6+ exf6 6. d4 Bd6 7. Bd3 Qe7+
8. Be3 Bg4 9. Qe2 Nd7 10. O-O-O O-O-O 11. h3 Bh5 12. Rhe1 Bg6 13. Nh4 Rhe8 14.
Nf5 Bxf5 15. Bxf5 g6 16. Bd3 Kb8 17. Kb1 Nf8 18. c3 Ne6 19. Qc2 Qc7 20. Bf1 f5
21. Bc1 Qa5 22. Bc4 Nxd4 23. Qd2 Ne6 24. Qh6 Qc7 25. h4 Qe7 26. Bg5 Qc7 27. Bxd8
Rxd8 28. Bxe6 fxe6 29. Rxe6 Be7 30. Rxd8+ Qxd8 31. Kc2 Qd7 32. Re2 Bd6 33. Qe3
Qg7 34. Rd2 Qf8 35. Qd4 Be7 36. Qd7 1-0

[Event "45th Rilton Cup 2015-16"]
[Site "Stockholm SWE"]
[Date "2016.01.02"]
[Round "6.35"]
[White "Haug, Johannes"]
[Black "Petersson, Baldur Teodor"]
[Result "0-1"]
[WhiteTitle "FM"]
[WhiteElo "2247"]
[BlackElo "1870"]
[WhiteFideId "1509268"]
[BlackFideId "2309157"]
[EventDate "2015.12.27"]

1. e4 c5 2. Nf3 e6 3. d4 cxd4 4. Nxd4 a6 5. c4 Qc7 6. Nc3 b6 7. Be2 Bb7 8. O-O
Nf6 9. Qd3 d6 10. Be3 Nbd7 11. Nb3 Be7 12. f4 Rd8 13. Qc2 O-O 14. Nd4 Rfe8 15.
b3 Bf8 16. Bf3 Nc5 17. Rfe1 d5 18. e5 Nfe4 19. Nxe4 dxe4 20. Be2 Rd7 21. Red1
Red8 22. a3 Nd3 23. Bxd3 exd3 24. Qxd3 Bc5 25. Qc3 Bxd4 26. Bxd4 Qc6 27. Ra2 Qe4
28. Rad2 Rxd4 29. Kf2 0-1

[Event "45th Rilton Cup 2015-16"]
[Site "Stockholm SWE"]
[Date "2016.01.02"]
[Round "6.36"]
[White "Lundin, Jan"]
[Black "Norlin, Egor"]
[Result "1-0"]
[WhiteTitle "FM"]
[WhiteElo "2230"]
[BlackElo "2084"]
[WhiteFideId "1706896"]
[BlackFideId "1713973"]
[EventDate "2015.12.27"]

1. e4 e6 2. d4 d5 3. e5 c5 4. c3 Qb6 5. Nf3 Nc6 6. Na3 Bd7 7. Nc2 Rc8 8. Bd3
cxd4 9. cxd4 Nb4 10. Nxb4 Bxb4+ 11. Bd2 Ne7 12. O-O Bxd2 13. Qxd2 Bb5 14. Rfd1
Bxd3 15. Qxd3 h6 16. Qa3 Qa6 17. Qxa6 bxa6 18. Rac1 Kd7 19. Kf1 Rc6 20. Ke2 Rb8
21. b3 a5 22. Ne1 Rxc1 23. Rxc1 Rb4 24. Rd1 Kc7 25. Rd3 Nc6 26. Nc2 Rb7 27. Rg3
g6 28. Rh3 h5 29. Rf3 Kd8 30. Kd2 Nb4 31. a3 Nc6 32. Rc3 Kd7 33. Ke3 a4 34. bxa4
Na5 35. Kf4 Nc4 36. Ne3 Nd2 37. f3 Nb1 38. Rd3 a5 39. h4 Rc7 40. Rb3 Nc3 41. Kg5
Ke7 42. Kh6 Ne2 43. Rd3 Ng3 44. Kg5 Nf5 45. g4 Ng3 46. Nd1 Rc1 47. Kf4 Nf1 48.
Nc3 Kf8 49. Nb5 hxg4 50. fxg4 Nh2 51. Kg3 Nf1+ 52. Kg2 Re1 53. Kf2 Ra1 54. Nd6
Nh2 55. Kg3 Ra2 56. Nb7 Nf1+ 57. Kf4 Rf2+ 58. Rf3 Rxf3+ 59. Kxf3 Nd2+ 60. Kf4
Nc4 61. Kg5 Kg7 62. h5 Nb6 63. Nxa5 Nxa4 64. Nb3 gxh5 65. gxh5 Nc3 66. h6+ Kf8
67. Nc5 Kg8 68. a4 Ne2 69. Nb3 1-0

[Event "45th Rilton Cup 2015-16"]
[Site "Stockholm SWE"]
[Date "2016.01.02"]
[Round "6.37"]
[White "Storme, Isak"]
[Black "Adler, Bo"]
[Result "1-0"]
[WhiteElo "1864"]
[BlackElo "2174"]
[WhiteFideId "1728113"]
[BlackFideId "1702149"]
[EventDate "2015.12.27"]

1. e4 e5 2. Nf3 Nc6 3. Bb5 Nd4 4. Nxd4 exd4 5. d3 h5 6. O-O Bc5 7. Nd2 c6 8. Bc4
d5 9. exd5 cxd5 10. Bb5+ Kf8 11. Ba4 Bg4 12. Qe1 Rh6 13. f3 Re6 14. Qf2 Bf5 15.
Nb3 Bb6 16. Nxd4 Rg6 17. Re1 Bh3 18. g3 h4 19. Re8+ Qxe8 20. Bxe8 Rxe8 21. Bf4
Nf6 22. Be3 Nh5 23. g4 Bxg4 24. fxg4 Rxg4+ 25. Kh1 Ng3+ 26. hxg3 hxg3 27. Qf3
g2+ 28. Kh2 Rxe3 29. Qxg4 1-0

[Event "45th Rilton Cup 2015-16"]
[Site "Stockholm SWE"]
[Date "2016.01.02"]
[Round "6.38"]
[White "Zeier, Klaus"]
[Black "Martinsen, Stig K"]
[Result "1-0"]
[WhiteElo "2262"]
[BlackElo "2162"]
[WhiteFideId "4696050"]
[BlackFideId "1502824"]
[EventDate "2015.12.27"]

1. e4 e6 2. d4 d5 3. e5 c5 4. c3 Nc6 5. Nf3 Bd7 6. a3 c4 7. Nbd2 Na5 8. g3 Ne7
9. h4 h6 10. Bh3 Nc8 11. O-O Nb6 12. Nh2 Qc7 13. f4 O-O-O 14. Ng4 Be7 15. Nf3
Nb3 16. Rb1 Nxc1 17. Rxc1 f5 18. exf6 gxf6 19. Kh2 Rdg8 20. Ne3 Bd6 21. Qd2 Rg7
22. Qf2 Rhg8 23. Rg1 Kb8 24. Rce1 Qc8 25. Nf1 Na8 26. Rg2 Nc7 27. Qd2 h5 28.
Rge2 Qf8 29. Qe3 Re7 30. Ne5 Be8 31. Qf2 Reg7 32. Nf3 Bd7 33. Ng1 Qf7 34. Re3
Qg6 35. f5 exf5 36. Ne2 a6 37. Nf4 Qf7 38. Bg2 Rh8 39. Qf3 Rg4 40. Bh3 Rg7 41.
R3e2 Ka7 42. Ne3 Rhg8 43. Rg1 Bxf4 44. Qxf4 Ne6 45. Qd6 f4 46. Nf5 fxg3+ 47. Kh1
Rh7 48. Rxg3 Rxg3 49. Qxg3 Ng7 50. Nd6 1-0

[Event "45th Rilton Cup 2015-16"]
[Site "Stockholm SWE"]
[Date "2016.01.02"]
[Round "6.39"]
[White "Bit-Narva, David"]
[Black "Percivaldi, Martin"]
[Result "0-1"]
[BlackTitle "FM"]
[WhiteElo "2096"]
[BlackElo "2260"]
[WhiteFideId "24128856"]
[BlackFideId "1508148"]
[EventDate "2015.12.27"]

1. b3 d5 2. Bb2 Nf6 3. e3 g6 4. Nf3 Bg7 5. d4 O-O 6. Be2 Ne4 7. O-O c5 8. Nbd2
Nc6 9. c3 e5 10. Nxe4 dxe4 11. Nxe5 Nxe5 12. dxe5 Bxe5 13. Qxd8 Rxd8 14. Rfd1
Be6 15. h3 f5 16. Rab1 Rxd1+ 17. Rxd1 Rc8 18. Rd2 c4 19. Bxc4 Bxc4 20. bxc4 Rc7
21. Rd5 Bf6 22. Ra5 a6 23. Ra4 Kf7 24. Rb4 Be7 25. Rb3 Ke8 26. Kf1 Kd7 27. Ke2
Kc8 28. Ba3 Bxa3 29. Rxa3 Rxc4 30. Kd2 Kc7 31. Rb3 Ra4 32. a3 Kc6 33. Kc2 a5 34.
Kb2 g5 35. Kc2 h5 36. h4 gxh4 37. Rb1 Rxa3 38. Kb2 Ra4 39. Rh1 Rc4 40. Rxh4 Rc5
41. Rxh5 Rd5 42. Kb3 b5 43. f3 Rd2 44. Rxf5 a4+ 45. Ka3 Rc2 46. fxe4 Rxc3+ 47.
Kb2 Rxe3 48. e5 Re2+ 49. Ka3 Rxg2 50. e6 Re2 51. Kb4 Re4+ 52. Ka5 a3 0-1

[Event "45th Rilton Cup 2015-16"]
[Site "Stockholm SWE"]
[Date "2016.01.02"]
[Round "6.40"]
[White "Brinck-Claussen, Bjorn"]
[Black "Pantzar, Milton"]
[Result "0-1"]
[WhiteTitle "IM"]
[WhiteElo "2244"]
[BlackElo "2103"]
[WhiteFideId "1400134"]
[BlackFideId "1721003"]
[EventDate "2015.12.27"]

1. d4 Nf6 2. c4 c5 3. d5 b5 4. cxb5 a6 5. bxa6 g6 6. Nc3 Bxa6 7. g3 d6 8. Bg2
Bg7 9. Nf3 O-O 10. O-O Nbd7 11. Qc2 Qa5 12. Bd2 Rfb8 13. Rab1 Qb6 14. b3 Bb7 15.
e4 Ba6 16. Rfd1 Ng4 17. Na4 Qa7 18. h3 Nge5 19. Nxe5 Nxe5 20. Be3 Qb7 21. f4 Bd3
22. Qf2 Bxb1 23. fxe5 Bxa2 0-1

[Event "45th Rilton Cup 2015-16"]
[Site "Stockholm SWE"]
[Date "2016.01.02"]
[Round "6.41"]
[White "Dahl, Trygve"]
[Black "Risting, Eivind Olav"]
[Result "1/2-1/2"]
[BlackTitle "FM"]
[WhiteElo "2139"]
[BlackElo "1985"]
[WhiteFideId "1513427"]
[BlackFideId "1517333"]
[EventDate "2015.12.27"]

1. e4 e6 2. d4 d5 3. Nc3 Nf6 4. Bg5 dxe4 5. Nxe4 Be7 6. Bxf6 gxf6 7. Nf3 f5 8.
Nc3 a6 9. g3 b5 10. Bg2 Bb7 11. O-O Bf6 12. Qe2 O-O 13. Rad1 Qd6 14. Ne5 Bxg2
15. Kxg2 c5 16. Qf3 cxd4 17. Ne4 Qxe5 18. Nxf6+ Qxf6 19. Qxa8 e5 20. c3 Nd7 21.
Qb7 Nc5 22. Qd5 Ne6 23. cxd4 exd4 24. Rfe1 Rd8 25. Qe5 Qg6 26. Rc1 d3 27. Red1
f4 28. Rc6 f3+ 29. Kg1 Qg4 30. Qf6 Qh3 31. Qxf3 Nd4 32. Qf6 Nxc6 33. Qxc6 Qg4
34. Rd2 Qg5 35. Qc3 Qd5 36. h4 Qe4 37. Kh2 b4 38. Qf6 Rc8 39. Qg5+ Kf8 40. Qh6+
Kg8 41. Qg5+ Kf8 42. Qh6+ Kg8 43. Qg5+ 1/2-1/2

[Event "45th Rilton Cup 2015-16"]
[Site "Stockholm SWE"]
[Date "2016.01.02"]
[Round "6.42"]
[White "Tuomainen, Felix"]
[Black "Thompson, Ian D"]
[Result "1-0"]
[BlackTitle "FM"]
[WhiteElo "2022"]
[BlackElo "2187"]
[WhiteFideId "1720813"]
[BlackFideId "405205"]
[EventDate "2015.12.27"]

1. d4 Nf6 2. c4 g6 3. Nc3 d5 4. cxd5 Nxd5 5. e4 Nxc3 6. bxc3 Bg7 7. Nf3 c5 8.
Be3 Qa5 9. Nd2 cxd4 10. Nc4 Qc7 11. cxd4 O-O 12. Rc1 b5 13. Nd2 Qa5 14. Be2 Bb7
15. O-O Nd7 16. Nb3 Qd8 17. f3 a6 18. Qd2 Rc8 19. Rxc8 Qxc8 20. Rc1 Qb8 21. Na5
Rd8 22. Nxb7 Qxb7 23. d5 f5 24. Qb4 Nf6 25. Rc6 fxe4 26. fxe4 Re8 27. Re6 h5 28.
a4 Kf7 29. Qb3 Kf8 30. Bf3 Qc8 31. Rc6 bxa4 32. Qxa4 Qb8 33. Qxa6 Ng4 34. Bxg4
hxg4 35. Rxg6 Qe5 36. Qf1+ Bf6 37. Bh6+ 1-0

[Event "45th Rilton Cup 2015-16"]
[Site "Stockholm SWE"]
[Date "2016.01.02"]
[Round "6.43"]
[White "Jonsson, Emil"]
[Black "Kassani, Sam"]
[Result "1/2-1/2"]
[WhiteElo "2156"]
[BlackElo "2126"]
[WhiteFideId "1712268"]
[BlackFideId "1709089"]
[EventDate "2015.12.27"]

1. e4 c6 2. d4 d5 3. e5 Bf5 4. Nf3 e6 5. Be2 c5 6. O-O Nc6 7. c3 Nge7 8. dxc5
Ng6 9. b4 Be7 10. Nd4 Bxb1 11. Rxb1 Ngxe5 12. f4 Nd7 13. Bb5 Qc7 14. Re1 Nf6 15.
Qa4 Rc8 16. Qxa7 Ne4 17. Bxc6+ bxc6 18. Qxc7 Rxc7 19. Rb3 Kd7 20. a4 Bf6 21. Be3
Ra8 22. a5 g6 23. Ra3 Ra6 24. Kf1 Rc8 25. Ne2 Bg7 26. Bd4 f6 27. Ng3 Nd2+ 28.
Kg1 Nc4 29. Ra2 e5 30. fxe5 fxe5 31. Be3 Raa8 32. Nf1 e4 33. Bd4 Bxd4+ 34. cxd4
Rcb8 35. Rb1 Rxa5 36. Rxa5 Nxa5 37. Ne3 Nc4 38. Kf2 Na3 39. Ra1 Nb5 40. Nc2 Ke6 1/2-1/2

[Event "45th Rilton Cup 2015-16"]
[Site "Stockholm SWE"]
[Date "2016.01.02"]
[Round "6.44"]
[White "Grove, Peter"]
[Black "Darnell, Anton"]
[Result "1-0"]
[WhiteElo "2133"]
[BlackElo "1979"]
[WhiteFideId "1411101"]
[BlackFideId "1720244"]
[EventDate "2015.12.27"]

1. Nf3 Nf6 2. c4 e6 3. b3 b6 4. Bb2 Bb7 5. Nc3 c5 6. g3 Be7 7. Bg2 O-O 8. O-O d5
9. cxd5 Nxd5 10. Rc1 Nd7 11. Qc2 N7f6 12. Rfd1 Rc8 13. Qb1 a6 14. d4 Nxc3 15.
Bxc3 c4 16. bxc4 Rxc4 17. Ne5 Rc7 18. Bxb7 Rxb7 19. Nc6 1-0